000 00195nam a2200073Ia 4500
008 170523s9999 xx 000 0 und d
100 _aWood- Allen J.
245 0 _aPower Generation- Operation- and Control
260 _aWiley India
999 _c12041
_d12041